<?xml version="1.0" encoding="UTF-8"?><?xml-stylesheet type="text/xsl" href="static/style.xsl"?><OAI-PMH xmlns="http://www.openarchives.org/OAI/2.0/" xmlns:xsi="http://www.w3.org/2001/XMLSchema-instance" xsi:schemaLocation="http://www.openarchives.org/OAI/2.0/ http://www.openarchives.org/OAI/2.0/OAI-PMH.xsd"><responseDate>2026-06-01T09:21:51Z</responseDate><request verb="GetRecord" identifier="oai:riuma.uma.es:10630/32562" metadataPrefix="marc">https://riuma.uma.es/rest/oai/request</request><GetRecord><record><header><identifier>oai:riuma.uma.es:10630/32562</identifier><datestamp>2026-02-03T11:22:22Z</datestamp><setSpec>com_10630_2254</setSpec><setSpec>col_10630_37953</setSpec></header><metadata><record xmlns="http://www.loc.gov/MARC21/slim" xmlns:dcterms="http://purl.org/dc/terms/" xmlns:doc="http://www.lyncode.com/xoai" xmlns:xsi="http://www.w3.org/2001/XMLSchema-instance" xsi:schemaLocation="http://www.loc.gov/MARC21/slim http://www.loc.gov/standards/marcxml/schema/MARC21slim.xsd">
   <leader>00925njm 22002777a 4500</leader>
   <datafield ind2=" " ind1=" " tag="042">
      <subfield code="a">dc</subfield>
   </datafield>
   <datafield ind2=" " ind1=" " tag="720">
      <subfield code="a">Garrote-Bernal, Gaspar</subfield>
      <subfield code="e">author</subfield>
   </datafield>
   <datafield ind2=" " ind1=" " tag="260">
      <subfield code="c">2018-12</subfield>
   </datafield>
   <datafield ind2=" " ind1=" " tag="520">
      <subfield code="a">Estudio del poema con que Pedro Espinosa, antes de 1603, se convirtió en motor de la innovación métrica que supuso la silva. El artículo analiza la "boscarecha" desde la doble perspectiva sincrónica (como construcción artificiosa dotada de especiales mecanismos rítmicos) y diacrónica, en la evolución del petrarquismo español y contando con la presión a que somete al sistema literario la aparición de una vanguardia.</subfield>
   </datafield>
   <datafield ind1="8" ind2=" " tag="024">
      <subfield code="a">Garrote Bernal, G. (2018). Un experimento con “El Peregrino son Errante: la Boscarecha” de Pedro Espinosa = An experiment with “El Peregrino son errante: la Boscarecha” by Pedro Espinosa. Lectura y signo, (13), 201–227. https://doi.org/10.18002/lys.v0i13.5675</subfield>
   </datafield>
   <datafield ind1="8" ind2=" " tag="024">
      <subfield code="a">https://hdl.handle.net/10630/32562</subfield>
   </datafield>
   <datafield ind1="8" ind2=" " tag="024">
      <subfield code="a">10.18002/lys.v0i13.5675</subfield>
   </datafield>
   <datafield tag="653" ind2=" " ind1=" ">
      <subfield code="a">Espinosa, Pedro (1578-1650) - Crítica e interpretación</subfield>
   </datafield>
   <datafield tag="653" ind2=" " ind1=" ">
      <subfield code="a">Literatura española - S.XVI-XVII</subfield>
   </datafield>
   <datafield ind2="0" ind1="0" tag="245">
      <subfield code="a">Un experimento con el "peregrino son errante": la "boscarecha” de Pedro Espinosa.</subfield>
   </datafield>
</record>
</metadata></record></GetRecord></OAI-PMH>